000 00488nam a22001697a 4500
005 20250513151842.0
008 250513b |||||||| |||| 00| 0 eng d
040 _cDO
245 _aThe race to save inca mummies
250 _aMay 2002 Vol. 201 No.5
300 _eMap Included
490 _aNational Geographic
520 _aFOOD: How Safe? How Altered?, Uncommon Vision, Catfish Hunters, Inca Rescue, Italy's Po river, 60614
650 _xINCA
650 _xRIVER
942 _2ddc
_cCR
999 _c5509
_d5509